[Event "ch-FRA Blitz Online Qual"]
[Site "Europe-Chess INT"]
[Date "2020.05.16"]
[Round "3"]
[White "Alvin, Leo"]
[Black "Shirazi, Kamran"]
[Result "1-0"]
[BlackTitle "IM"]
[WhiteElo "2025"]
[BlackElo "2355"]
[WhiteFideId "695645"]
[BlackFideId "2000733"]
[EventDate "2020.05.16"]

1. d4 d6 2. Nc3 Nf6 3. Bf4 Nbd7 4. Qd2 e5 5. dxe5 dxe5 6. Bg5 h6 7. Bh4 Bb4 8.
f3 e4 9. a3 Bxc3 10. Qxc3 O-O 11. O-O-O c6 12. g4 Nd5 13. Qe1 Qe8 14. fxe4 Ne3
15. Rd3 Qxe4 16. Nf3 Nc5 17. Rc3 Na4 18. Rd3 Bxg4 19. Bf2 Nd5 20. Rd4 Bxf3 21.
Rxe4 Bxe4 22. Rg1 f6 23. Bd4 Rf7 24. b3 Nab6 25. Bxb6 axb6 26. Bg2 Bxg2 27. Rxg2
Rxa3 28. Kb2 Ra8 29. e4 Re8 30. Qh4 Ne3 31. Rg3 Nd1+ 32. Kc1 Nf2 33. Re3 Nxe4
34. Rxe4 Rxe4 35. Qxe4 b5 36. Qe8+ Rf8 37. Qd7 Rf7 38. Qc8+ Kh7 39. Qe8 Kg6 40.
h4 h5 41. Kd2 f5 42. Ke3 f4+ 43. Kf3 Kf6 44. Qd8+ Ke6 45. Qg5 Kd7 46. Qxh5 Ke7
47. Qg5+ Ke8 48. h5 Kf8 49. Qd8# 1-0

[Event "ch-FRA Blitz Online Qual"]
[Site "Europe-Chess INT"]
[Date "2020.05.16"]
[Round "3"]
[White "Kirk, Ezra"]
[Black "Lauron, Wesley"]
[Result "1-0"]
[WhiteTitle "IM"]
[WhiteElo "2447"]
[BlackElo "1878"]
[WhiteFideId "600067"]
[BlackFideId "36012769"]
[EventDate "2020.05.16"]

1. e4 e5 2. Nf3 Nc6 3. Nc3 Nf6 4. Bb5 Bd6 5. a3 a6 6. Bc4 h6 7. d3 O-O 8. g4 Nh7
9. h4 b5 10. Ba2 Bc5 11. g5 d6 12. Bd5 Bd7 13. gxh6 g6 14. h5 Kh8 15. Be3 Bxe3
16. fxe3 Rb8 17. Qe2 Ne7 18. Qg2 c6 19. Bb3 Be6 20. Bxe6 fxe6 21. hxg6 Rxf3 22.
g7+ Kg8 23. Qxf3 Ng6 24. O-O-O b4 25. Rdf1 Ng5 26. h7+ Kxg7 27. Qh5 bxc3 28.
Qh6+ Kh8 29. Qxg6 Rxb2 30. Qg8+ Qxg8 31. hxg8=Q+ Kxg8 32. Rhg1 Ra2 33. Rxg5+ Kh7
34. Rh1# 1-0

[Event "ch-FRA Blitz Online Qual"]
[Site "Europe-Chess INT"]
[Date "2020.05.16"]
[Round "3"]
[White "Mekhane, Adam"]
[Black "Vlachos, Anatole"]
[Result "1-0"]
[BlackTitle "IM"]
[WhiteElo "2013"]
[BlackElo "2401"]
[WhiteFideId "36050601"]
[BlackFideId "26093189"]
[EventDate "2020.05.16"]

1. e4 e5 2. Nf3 Nc6 3. Bb5 a6 4. Ba4 Nf6 5. O-O Be7 6. Bxc6 dxc6 7. d3 Nd7 8.
Nbd2 O-O 9. Nc4 Bf6 10. b3 Re8 11. Bb2 a5 12. a4 c5 13. Qe2 b6 14. Rae1 g6 15.
Nfd2 Nf8 16. Nf3 Bg4 17. h3 Bxf3 18. Qxf3 Bg7 19. Qg3 Qe7 20. f4 exf4 21. Rxf4
Bxb2 22. Nxb2 Ne6 23. Rf2 Nd4 24. Nc4 Rad8 25. Ref1 Rd7 26. Kh1 Qe6 27. Ne3 Rde7
28. Nd5 Rd7 29. Nf6+ Kg7 30. Nxd7 Qxd7 31. Rxf7+ Qxf7 32. Rxf7+ Kxf7 33. Qxc7+
Re7 34. Qxb6 Ne6 35. Qxa5 h5 36. Qb6 h4 37. a5 Kg8 38. a6 Nd4 39. a7 Re8 40. Qb8 1-0

[Event "ch-FRA Blitz Online Qual"]
[Site "Europe-Chess INT"]
[Date "2020.05.16"]
[Round "3"]
[White "Sochacki, Wojtek"]
[Black "Verspecht, Thierry"]
[Result "1-0"]
[WhiteTitle "IM"]
[WhiteElo "2320"]
[BlackElo "2033"]
[WhiteFideId "651389"]
[BlackFideId "202010"]
[EventDate "2020.05.16"]

1. d4 Nf6 2. Nf3 g6 3. g3 Bg7 4. Bg2 O-O 5. O-O d6 6. c4 Nc6 7. Nc3 a6 8. Bf4
Rb8 9. Rc1 Na5 10. Qd3 Nh5 11. Bg5 h6 12. Bd2 Nc6 13. d5 Nb4 14. Qb1 a5 15. a3
Na6 16. Nb5 a4 17. Be3 c6 18. Nc3 Qa5 19. Qc2 Bf5 20. Qd1 cxd5 21. Nxd5 Qd8 22.
Bd4 e5 23. Bb6 Qd7 24. Be3 Nc5 25. Nh4 Be6 26. h3 Nb3 27. Rc3 e4 28. Rxb3 axb3
29. Qxb3 g5 30. Bxe4 gxh4 31. Bf3 Nf6 32. Nf4 Rbc8 33. Rc1 Nh7 34. gxh4 Ng5 35.
Bg2 Nh7 36. Nh5 Nf6 37. Nxg7 Kxg7 38. Bd4 Qe7 39. Qf3 Rh8 40. Qg3+ Kf8 41. Qf4
Ng8 42. Bxh8 Rc5 43. Qg3 Rf5 44. Qg7+ Ke8 45. Qxg8+ Kd7 46. Bxb7 Qxh4 47. Bg2
Qxf2+ 48. Kh1 Rg5 49. Qa8 Qxg2+ 50. Qxg2 1-0

[Event "ch-FRA Blitz Online Qual"]
[Site "Europe-Chess INT"]
[Date "2020.05.16"]
[Round "3"]
[White "Jouneau, Quentin"]
[Black "Claverie, Christophe"]
[Result "0-1"]
[BlackTitle "IM"]
[WhiteElo "2018"]
[BlackElo "2304"]
[WhiteFideId "649716"]
[BlackFideId "605514"]
[EventDate "2020.05.16"]

1. e4 c5 2. Nf3 g6 3. d4 cxd4 4. Nxd4 Bg7 5. Be3 Nc6 6. Nc3 Nf6 7. g3 O-O 8. Bg2
d6 9. Nxc6 bxc6 10. e5 Ng4 11. Bxc6 Nxe3 12. fxe3 Rb8 13. Na4 Bxe5 14. c3 Bh3
15. Qf3 h5 16. O-O-O Bg4 17. Qg2 Bxd1 18. Rxd1 Qc7 19. Bd5 e6 20. Bb3 Rb5 21. g4
h4 22. g5 Rfb8 23. Qg4 Rb4 24. c4 Qc6 25. Qxh4 Rxa4 26. Bxa4 Qxa4 0-1

[Event "ch-FRA Blitz Online Qual"]
[Site "Europe-Chess INT"]
[Date "2020.05.16"]
[Round "3"]
[White "Loiseau, Quentin"]
[Black "Firouzja, Mohammadreza"]
[Result "1-0"]
[WhiteTitle "IM"]
[WhiteElo "2457"]
[BlackElo "2135"]
[WhiteFideId "665274"]
[BlackFideId "12573990"]
[EventDate "2020.05.16"]

1. Nf3 Nf6 2. c4 e6 3. g3 b6 4. Bg2 Bb7 5. O-O c5 6. Nc3 Be7 7. Re1 O-O 8. e4 d6
9. d4 cxd4 10. Nxd4 Qc8 11. Be3 Nbd7 12. Rc1 a6 13. h3 Nc5 14. Qc2 Qc7 15. g4 g6
16. b3 Rac8 17. Nde2 h5 18. f3 hxg4 19. hxg4 Kg7 20. Qb2 Nd3 21. Qa1 Nxc1 22.
Rxc1 Kg8 23. Kf2 Nd7 24. g5 e5 25. Rh1 Kg7 26. Ng3 Rh8 27. Rd1 Nc5 28. f4 Rcd8
29. Nd5 Bxd5 30. exd5 Nd7 31. f5 f6 32. fxg6 Kxg6 33. Be4+ Kf7 34. g6+ Kg8 35.
Rh1 Nf8 36. Bf5 Rxh1 37. Qxh1 b5 38. Be6+ Kg7 39. Qh6# 1-0

[Event "ch-FRA Blitz Online Qual"]
[Site "Europe-Chess INT"]
[Date "2020.05.16"]
[Round "3"]
[White "Hamon, Christian"]
[Black "Szajbely, Zsigmond"]
[Result "0-1"]
[BlackTitle "FM"]
[WhiteElo "2015"]
[BlackElo "2260"]
[WhiteFideId "614327"]
[BlackFideId "711691"]
[EventDate "2020.05.16"]

1. Nf3 b5 2. g3 Bb7 3. Bg2 Nf6 4. O-O g6 5. d4 Bg7 6. Nbd2 O-O 7. Re1 d6 8. e4
Nbd7 9. c3 a6 10. Qc2 c5 11. e5 Ne8 12. dxc5 Nxc5 13. e6 Nxe6 14. Ne4 Qc7 15.
Bd2 Nf6 16. Nxf6+ Bxf6 17. Bh6 Rfe8 18. Rac1 Rac8 19. Qd2 Bc6 20. Nd4 Bxg2 21.
Nxe6 Qb7 22. Nf4 Bh1 23. f3 Bxf3 24. Kf2 Bc6 25. h4 e5 26. Nd3 e4 27. Nf4 d5 28.
h5 Rcd8 29. hxg6 fxg6 30. Ng2 Qf7 31. Kg1 d4 32. cxd4 Bxd4+ 33. Kh1 e3 34. Qc2
Be4 35. Qc7 Rd7 36. Qc6 Bxc6 0-1

[Event "ch-FRA Blitz Online Qual"]
[Site "Europe-Chess INT"]
[Date "2020.05.16"]
[Round "3"]
[White "Milliet, Sophie"]
[Black "Calvo, Dylan"]
[Result "1-0"]
[WhiteTitle "IM"]
[WhiteElo "2401"]
[BlackElo "2018"]
[WhiteFideId "623725"]
[BlackFideId "36019410"]
[EventDate "2020.05.16"]

1. e4 c5 2. Nf3 Nc6 3. Bb5 g6 4. O-O Bg7 5. c3 Nf6 6. Re1 O-O 7. d4 cxd4 8. cxd4
d5 9. e5 Ne4 10. Bxc6 bxc6 11. Be3 Bf5 12. Qc1 Qb6 13. Nc3 Nxc3 14. Qxc3 Rab8
15. b3 Rfc8 16. Rec1 f6 17. exf6 Bxf6 18. Bf4 Rb7 19. Be5 Kg7 20. h3 Be4 21. Re1
Bxf3 22. Qxf3 Bxe5 23. Rxe5 Qxd4 24. Rae1 Qc5 25. Qe2 Re8 26. Re6 Rd7 27. Qe5+
Kg8 28. h4 Rf8 29. Re3 Rf5 30. Rxg6+ hxg6 31. Qe6+ Kg7 32. Qxd7 Rf7 33. Qe6 Qd4
34. Qxc6 Qd1+ 35. Kh2 Qg4 36. Qe6 Qxh4+ 37. Rh3 Qf4+ 38. Rg3 Qh4+ 39. Rh3 Qf4+
40. Rg3 Qh4+ 41. Kg1 Qh5 42. Qe3 Qd1+ 43. Kh2 Qh5+ 44. Rh3 Qf5 45. Qh6+ Kf6 46.
Rf3 Ke6 47. Rxf5 Kxf5 48. Qh3+ Kf6 49. Qf3+ Ke6 50. Qe3+ Kd6 51. Qxa7 Rf5 52.
Qb6+ Ke5 53. Qxg6 e6 54. a4 d4 55. Qg3+ Ke4 56. f3+ Ke3 57. Qe1+ Kd3 58. a5 Rh5+
59. Kg1 e5 60. a6 Kc2 61. a7 Rh8 62. Qxe5 1-0

[Event "ch-FRA Blitz Online Qual"]
[Site "Europe-Chess INT"]
[Date "2020.05.16"]
[Round "3"]
[White "Daulyte-Cornette, Deimante"]
[Black "Maugenest, Ghislain"]
[Result "1-0"]
[WhiteTitle "IM"]
[WhiteElo "2400"]
[BlackElo "2013"]
[WhiteFideId "12802859"]
[BlackFideId "36029483"]
[EventDate "2020.05.16"]

1. e4 e5 2. Nf3 Nc6 3. Nc3 Nf6 4. Bb5 Bb4 5. O-O O-O 6. d3 d6 7. Ne2 a6 8. Ba4
b5 9. Bb3 Be6 10. c3 Ba5 11. Ng3 h6 12. Bc2 d5 13. exd5 Bxd5 14. Re1 Re8 15. Nh4
Qd7 16. Nhf5 Bb6 17. Be3 Be6 18. Qf3 e4 19. dxe4 Ne5 20. Nxh6+ Kf8 21. Qf4 Ng6
22. Qg5 Bxe3 23. Rxe3 Nh7 24. Qc5+ Ne7 25. Nhf5 Nf6 26. Rd1 Qc6 27. Qxc6 Nxc6
28. h3 g6 29. Nd4 Ne5 30. b3 c5 31. Nf3 Nxf3+ 32. Rxf3 Rad8 33. Rfd3 Ke7 34.
Rxd8 Rxd8 35. Rxd8 Kxd8 36. Kf1 Ke7 37. Ke2 Kd6 38. Ke3 g5 39. f4 gxf4+ 40. Kxf4
Nd7 41. Nf5+ Kc6 42. h4 Nf8 43. h5 a5 44. Ng7 Bd7 45. Ke5 b4 46. cxb4 axb4 47.
Bd3 Kc7 48. Bc4 1-0

[Event "ch-FRA Blitz Online Qual"]
[Site "Europe-Chess INT"]
[Date "2020.05.16"]
[Round "3"]
[White "Bregnac, Tristan"]
[Black "Le Goff, Damien"]
[Result "1-0"]
[BlackTitle "FM"]
[WhiteElo "2047"]
[BlackElo "2281"]
[WhiteFideId "36017825"]
[BlackFideId "634808"]
[EventDate "2020.05.16"]

1. e4 e6 2. d4 d5 3. Nc3 Bb4 4. e5 c5 5. a3 Bxc3+ 6. bxc3 Ne7 7. h4 Qc7 8. h5 h6
9. Nf3 b6 10. a4 Ba6 11. Bb5+ Bxb5 12. axb5 a5 13. bxa6 Rxa6 14. Rxa6 Nxa6 15.
Qe2 Nb8 16. O-O Nbc6 17. Be3 c4 18. Nh4 Qd7 19. Qg4 Rg8 20. Ra1 Na5 21. Rb1 Qd8
22. Bc1 Kd7 23. Ba3 Nc8 24. Qf4 Ke8 25. Nf3 g5 26. Qg3 Ne7 27. Nh2 Nf5 28. Qh3
Kd7 29. Ng4 Rh8 30. Nf6+ Kc6 31. Qf3 Qa8 32. Bb4 Rd8 33. Ng4 Rh8 34. Nf6 Rd8 35.
Ng4 Rh8 36. Qe2 Qa6 37. f3 Nb7 38. Qd1 Nd8 39. Ra1 Qb7 40. Nf6 Qc7 41. Qb1 Nb7
42. Qa2 Rb8 43. Qa4+ b5 44. Qa6+ Qb6 45. Qxb6+ Kxb6 46. Nd7+ Kc7 47. Nxb8 Kxb8
48. Kf2 Nd8 49. g4 Ng7 50. Bf8 Ne8 51. Bxh6 1-0

[Event "ch-FRA Blitz Online Qual"]
[Site "Europe-Chess INT"]
[Date "2020.05.16"]
[Round "3"]
[White "Batsiashvili, Nino"]
[Black "Berger Dit Lacroix, Kilian"]
[Result "1-0"]
[WhiteTitle "GM"]
[WhiteElo "2457"]
[BlackElo "2129"]
[WhiteFideId "13602993"]
[BlackFideId "36091855"]
[EventDate "2020.05.16"]

1. d4 Nf6 2. Nf3 g6 3. Bf4 Bg7 4. e3 O-O 5. Bd3 d6 6. h3 Nbd7 7. O-O c5 8. Nbd2
b6 9. a4 a6 10. Qe2 Bb7 11. Bh2 cxd4 12. exd4 Qc7 13. Qxe7 Rad8 14. Qxd6 Qc8 15.
Qc7 Qa8 16. c4 Ne4 17. Nxe4 Bxe4 18. Bxe4 Qxe4 19. Qf4 Qc2 20. Rac1 Qxa4 21. c5
bxc5 22. dxc5 Qxf4 23. Bxf4 Bxb2 24. Rc2 Bg7 25. c6 Nf6 26. c7 Rc8 27. Rd1 Rfe8
28. g4 Ne4 29. Re2 a5 30. Ng5 Nf6 31. Rxe8+ Nxe8 32. Rd8 a4 33. Rxc8 a3 34.
Rxe8+ Bf8 35. Ra8 a2 36. c8=Q a1=Q+ 37. Rxa1 Kg7 38. Ra7 Kh6 39. Rxf7 Bg7 40.
Qg8 Bd4 41. Qxh7# 1-0

[Event "ch-FRA Blitz Online Qual"]
[Site "Europe-Chess INT"]
[Date "2020.05.16"]
[Round "3"]
[White "Bailly, Thierry"]
[Black "Choukri, Adel"]
[Result "0-1"]
[BlackTitle "FM"]
[WhiteElo "1989"]
[BlackElo "2311"]
[WhiteFideId "26051680"]
[BlackFideId "9000399"]
[EventDate "2020.05.16"]

1. e4 c5 2. Nf3 d6 3. Bb5+ Nd7 4. O-O a6 5. Bxd7+ Bxd7 6. Re1 e6 7. e5 d5 8. c3
Ne7 9. d4 Nc6 10. Be3 c4 11. b3 b5 12. a4 Be7 13. Nbd2 O-O 14. Qc2 cxb3 15. Nxb3
Na5 16. axb5 axb5 17. Nxa5 Rxa5 18. Nd2 Ra4 19. Reb1 Qc7 20. Nb3 Rfa8 21. f4
Rxa1 22. Rxa1 Rxa1+ 23. Nxa1 Qc4 24. Kf2 f6 25. Nb3 b4 26. Bd2 Ba4 27. exf6 Bxf6
28. Qc1 Bxb3 29. Ke3 bxc3 30. Bxc3 Bxd4+ 31. Kd2 Bxc3+ 32. Qxc3 Qxc3+ 33. Kxc3
Bc4 34. Kd4 Kf7 35. Ke5 Ke7 36. g4 Be2 37. h4 Bxg4 38. f5 Bxf5 39. Kf4 Kf6 40.
Kg3 e5 41. Kf3 d4 42. h5 g5 43. Kg3 e4 44. Kf2 e3+ 45. Ke1 d3 46. h6 Bg4 47. Kf1
d2 48. Kg2 d1=Q 49. Kg3 Qf3+ 50. Kh2 e2 51. Kg1 e1=Q+ 52. Kh2 Qeh1# 0-1

[Event "ch-FRA Blitz Online Qual"]
[Site "Europe-Chess INT"]
[Date "2020.05.16"]
[Round "3"]
[White "Le Goff, Ronan"]
[Black "Martinez, Felicien"]
[Result "1-0"]
[WhiteTitle "FM"]
[WhiteElo "2267"]
[BlackElo "1867"]
[WhiteFideId "612073"]
[BlackFideId "45141207"]
[EventDate "2020.05.16"]

1. d4 e6 2. Nf3 f5 3. e4 fxe4 4. Ng5 Nf6 5. Nc3 d5 6. f3 exf3 7. Qxf3 Bb4 8. Bd3
Nc6 9. Be3 Bd7 10. O-O O-O 11. Qh3 e5 12. Bxh7+ Kh8 13. Bf5+ Kg8 14. Be6+ Bxe6
15. Qxe6+ Kh8 16. Qh3+ Kg8 17. Qe6+ Kh8 18. Rf3 Ng8 19. Rh3+ Nh6 20. Rxh6+ gxh6
21. Qxh6+ Kg8 22. Qh7# 1-0

[Event "ch-FRA Blitz Online Qual"]
[Site "Europe-Chess INT"]
[Date "2020.05.16"]
[Round "3"]
[White "Le Brech, Cyril"]
[Black "Guadalpi, David"]
[Result "0-1"]
[BlackTitle "FM"]
[WhiteElo "1986"]
[BlackElo "2272"]
[WhiteFideId "20675186"]
[BlackFideId "603244"]
[EventDate "2020.05.16"]

1. e4 d6 2. d4 Nf6 3. Nc3 e5 4. Nf3 Nbd7 5. Bd3 Be7 6. O-O O-O 7. Bg5 c6 8. dxe5
dxe5 9. Qe2 Qc7 10. Rad1 Nc5 11. Bh4 Nh5 12. Bg3 Nxg3 13. hxg3 Bg4 14. Qe3 Ne6
15. Rde1 Bc5 16. Qc1 Rad8 17. Nh2 Bh5 18. Be2 Bg6 19. Bf3 b5 20. a3 a5 21. Ng4
Nd4 22. Ne3 f6 23. Ne2 Ne6 24. Kh2 Nd4 25. c3 Nb3 26. Qb1 Nd2 27. Qc2 Nxf1+ 28.
Rxf1 a4 29. Rh1 Qd6 30. Rd1 Qe7 31. Re1 Bxe3 32. fxe3 Qd6 33. Rc1 Qd2 34. g4
Qxc2 35. Rxc2 Bf7 36. Ng3 g6 37. Ne2 Rd3 38. Kg3 Bb3 39. Rc1 Rxe3 40. Kf2 Rd3
41. Rh1 Rfd8 42. Rh3 Rd2 43. g5 fxg5 44. Ke3 R8d3+ 45. Kf2 Rxb2 46. Rh1 Rdd2 47.
Ke3 Bc4 48. Ng3 Rd3# 0-1

[Event "ch-FRA Blitz Online Qual"]
[Site "Europe-Chess INT"]
[Date "2020.05.16"]
[Round "3"]
[White "Guezennec, Franck"]
[Black "Triton, Maxime"]
[Result "1-0"]
[WhiteElo "2272"]
[BlackElo "1843"]
[WhiteFideId "633550"]
[BlackFideId "36062979"]
[EventDate "2020.05.16"]

1. e4 c5 2. Nf3 e6 3. b3 b6 4. g3 Bb7 5. Qe2 Nf6 6. d3 Be7 7. Bg2 O-O 8. Bb2 d5
9. e5 Nfd7 10. O-O Nc6 11. Nbd2 Re8 12. c3 f6 13. d4 Rc8 14. Rac1 cxd4 15. cxd4
Nb4 16. Rxc8 Qxc8 17. Rc1 Qd8 18. Qe3 fxe5 19. dxe5 Bc5 20. Bd4 Nxa2 21. Ra1 Nb4
22. Rxa7 Qb8 23. Ra4 Bc6 24. Ra1 Nc2 25. Qc3 Nxa1 26. Qxa1 Qa8 27. Qc3 Qa5 28.
Qc2 Bb5 29. Bc3 Qa7 30. b4 Be7 31. h4 Rc8 32. Qb3 Qc7 33. Bd4 Bc4 34. Qe3 b5 35.
Bh3 Nf8 36. Ng5 Bxb4 37. Nxe6 Nxe6 38. Bxe6+ Kh8 39. Nf3 Rf8 40. Ng5 Qe7 41. Bh3
h6 42. Nf3 Qf7 43. Bg2 Be7 44. e6 Qf5 45. Qxh6+ Kg8 46. Qxg7# 1-0

[Event "ch-FRA Blitz Online Qual"]
[Site "Europe-Chess INT"]
[Date "2020.05.16"]
[Round "3"]
[White "Neau, Julien"]
[Black "Materia, Marco"]
[Result "0-1"]
[BlackTitle "FM"]
[WhiteElo "1916"]
[BlackElo "2269"]
[WhiteFideId "631388"]
[BlackFideId "45150451"]
[EventDate "2020.05.16"]

1. d4 Nf6 2. c4 e6 3. Nc3 c5 4. d5 g6 5. e4 d6 6. Nge2 Bg7 7. Ng3 O-O 8. Be2
exd5 9. cxd5 Re8 10. O-O Nbd7 11. f3 a6 12. a4 Qc7 13. Be3 b6 14. Qd2 h5 15. h3
Nf8 16. Rac1 Bd7 17. b4 N8h7 18. a5 h4 19. Nh1 Nh5 20. axb6 Qxb6 21. bxc5 dxc5
22. Nf2 Ng3 23. Rfe1 Rac8 24. f4 Bxc3 25. Qxc3 Nxe4 26. Nxe4 Rxe4 27. Bxc5 Qf6
28. Qxf6 Nxf6 29. Bf3 Rxe1+ 30. Rxe1 Rxc5 31. Re7 Kf8 32. Re5 a5 33. d6 Rxe5 34.
fxe5 Ne8 35. Bd5 a4 36. Kf2 a3 37. Ke3 Bc8 38. Ba2 f6 39. Ke4 fxe5 40. Kxe5 Ng7
41. Kf6 Nf5 42. Kxg6 Nxd6 43. Kg5 Ke7 44. Kxh4 Be6 45. Bb1 Nb5 46. g4 Nc3 0-1

[Event "ch-FRA Blitz Online Qual"]
[Site "Europe-Chess INT"]
[Date "2020.05.16"]
[Round "3"]
[White "Leccia, Antoine"]
[Black "Muminova, Nafisa"]
[Result "0-1"]
[BlackTitle "WGM"]
[WhiteElo "1950"]
[BlackElo "2274"]
[WhiteFideId "36087262"]
[BlackFideId "14201526"]
[EventDate "2020.05.16"]

1. d4 Nf6 2. Nf3 e6 3. e3 c5 4. Nbd2 Nc6 5. Bd3 b6 6. O-O Be7 7. b3 O-O 8. Bb2
Bb7 9. dxc5 bxc5 10. Re1 d6 11. a3 Qc7 12. Qe2 Nd7 13. e4 Bf6 14. Bxf6 Nxf6 15.
e5 dxe5 16. Nxe5 Nd4 17. Qe3 Rad8 18. Ndf3 Nxf3+ 19. Nxf3 Qc6 20. Bf1 Qd5 21.
Qe5 Qc6 22. Qe3 Rd5 23. Bc4 Rh5 24. Bf1 Rd8 25. h3 Rhd5 26. Bc4 Rf5 27. Rad1 Nd5
28. Qe4 h6 29. Bxd5 Rfxd5 30. Rxd5 Rxd5 31. c4 Rd6 32. Qxc6 Bxc6 33. Re3 Rd1+
34. Kh2 Ra1 35. a4 Ra2 36. Kg3 g5 37. Ne5 Bb7 38. Nd7 f5 39. Rc3 f4+ 40. Kg4
Rxf2 41. Nxc5 Rxg2+ 42. Kh5 Bc6 43. b4 Rg3 0-1

[Event "ch-FRA Blitz Online Qual"]
[Site "Europe-Chess INT"]
[Date "2020.05.16"]
[Round "3"]
[White "Bellahcene, Meriem"]
[Black "Gatineau, Yovann"]
[Result "0-1"]
[BlackTitle "FM"]
[WhiteElo "1936"]
[BlackElo "2423"]
[WhiteFideId "20655347"]
[BlackFideId "26028999"]
[EventDate "2020.05.16"]

1. e4 c5 2. Nc3 g6 3. g3 Bg7 4. Bg2 Nc6 5. d3 d6 6. f4 e6 7. Nf3 Nge7 8. O-O O-O
9. Be3 b6 10. Qd2 Ba6 11. Nd1 Qc7 12. c3 Rad8 13. g4 f5 14. Ng5 Qc8 15. gxf5
exf5 16. Re1 h6 17. Nf3 Kh7 18. h4 fxe4 19. dxe4 d5 20. e5 d4 21. cxd4 cxd4 22.
Bf2 Qg4 23. Kh2 Rxf4 24. Ng1 Bxe5 25. Rxe5 Nxe5 26. Bh3 Nf3+ 27. Nxf3 Qxf3 28.
Bg2 Qg4 29. Bh3 Rxf2+ 30. Nxf2 Qxh4 31. Re1 Nf5 32. Ng4 Qg3+ 33. Kh1 Qxh3+ 0-1

[Event "ch-FRA Blitz Online Qual"]
[Site "Europe-Chess INT"]
[Date "2020.05.16"]
[Round "3"]
[White "Boyer, Mahel"]
[Black "Duquesne, Adrien"]
[Result "1-0"]
[WhiteTitle "FM"]
[WhiteElo "2294"]
[BlackElo "2147"]
[WhiteFideId "45102422"]
[BlackFideId "20650582"]
[EventDate "2020.05.16"]

1. e4 c6 2. c4 d5 3. cxd5 cxd5 4. exd5 Nf6 5. Nc3 Nxd5 6. Nf3 e6 7. d4 Bb4 8.
Bd2 O-O 9. Bd3 Nc6 10. O-O Be7 11. Re1 Bf6 12. Be3 Nce7 13. Qb3 b6 14. Ne4 Bb7
15. Nxf6+ Nxf6 16. Ne5 Qd5 17. Qxd5 Nexd5 18. Bd2 Rfd8 19. Rac1 Rac8 20. a4 h6
21. a5 Kf8 22. a6 Ba8 23. Bb5 Ke7 24. Bc6 Kf8 25. Bb7 Bxb7 26. axb7 Rb8 27. Nc6
Ke8 28. Nxb8 1-0

[Event "ch-FRA Blitz Online Qual"]
[Site "Europe-Chess INT"]
[Date "2020.05.16"]
[Round "3"]
[White "Hejazipour, Mitra"]
[Black "Spagnoli, Benjamin"]
[Result "1-0"]
[WhiteTitle "WGM"]
[WhiteElo "2300"]
[BlackElo "1770"]
[WhiteFideId "12505951"]
[BlackFideId "20667116"]
[EventDate "2020.05.16"]

1. Nf3 Nf6 2. d4 d5 3. c4 e6 4. Nc3 c6 5. e3 Bd6 6. Qc2 a6 7. b3 O-O 8. Bd3 Nbd7
9. O-O Qe7 10. e4 dxe4 11. Nxe4 Nxe4 12. Bxe4 Nf6 13. Bg5 g6 14. Ne5 Qd8 15.
Rad1 Be7 16. Bf3 Qc7 17. c5 Nd5 18. Bh6 Re8 19. Rfe1 Bf6 20. Ng4 Bg7 21. Qc1
Bxh6 22. Qxh6 f5 23. Bxd5 fxg4 24. Bc4 Qg7 25. Qg5 Bd7 26. Qxg4 Kh8 27. Re5 Rf8
28. Bxe6 Bxe6 29. Rxe6 Qf7 30. f3 Rae8 31. Rde1 Rd8 32. Qe4 Qf6 33. Rxf6 1-0

[Event "ch-FRA Blitz Online Qual"]
[Site "Europe-Chess INT"]
[Date "2020.05.16"]
[Round "3"]
[White "Schippke, Manon"]
[Black "Tokhirjonova, Gulrukhbegim"]
[Result "0-1"]
[BlackTitle "WGM"]
[WhiteElo "1873"]
[BlackElo "2378"]
[WhiteFideId "45100446"]
[BlackFideId "14203626"]
[EventDate "2020.05.16"]

1. e4 e5 2. Nf3 Nc6 3. Bb5 a6 4. Ba4 Nf6 5. d3 b5 6. Bb3 Be7 7. O-O d6 8. c3 O-O
9. h3 Be6 10. Bc2 h6 11. d4 exd4 12. cxd4 Nb4 13. Bb3 Bxb3 14. Qxb3 Nc6 15. Re1
Re8 16. Bf4 Bf8 17. Nbd2 Qd7 18. Rac1 Rac8 19. Qc2 Nb4 20. Qb3 c5 21. dxc5 dxc5
22. Rcd1 c4 23. Qe3 Nd3 24. Rf1 Bc5 25. Qe2 Nxf4 26. Qe1 Nd3 27. Qe2 Nxb2 28.
Nxc4 Nxd1 29. Rxd1 Qe6 30. Ncd2 Nxe4 31. Nxe4 Qxe4 32. Qb2 Qe2 33. Rd2 Qe6 34.
Nd4 Bxd4 35. Rxd4 Qe1+ 36. Kh2 Re2 37. Qa3 Qxf2 38. Rg4 Re1 39. Qxa6 Qg1+ 40.
Kg3 Re3+ 41. Kh4 Qf2+ 42. Kh5 Re5+ 0-1

[Event "ch-FRA Blitz Online Qual"]
[Site "Europe-Chess INT"]
[Date "2020.05.16"]
[Round "3"]
[White "Song, Julien"]
[Black "Pichon, Ewen"]
[Result "0-1"]
[WhiteTitle "IM"]
[WhiteElo "2306"]
[BlackElo "1821"]
[WhiteFideId "659487"]
[BlackFideId "45155593"]
[EventDate "2020.05.16"]

1. d4 Nf6 2. c4 c5 3. d5 b5 4. Qc2 Na6 5. a3 bxc4 6. e4 d6 7. Bxc4 Nc7 8. Nf3 g6
9. O-O Bg7 10. Nc3 O-O 11. h3 a5 12. Re1 Ba6 13. Bxa6 Nxa6 14. Nd2 Nd7 15. Nc4
Ne5 16. Nxe5 Bxe5 17. Bh6 Bg7 18. Bxg7 Kxg7 19. e5 Re8 20. Re3 Rb8 21. Rae1 Nc7
22. R1e2 Qc8 23. e6 f6 24. h4 Qb7 25. Qe4 f5 26. Qd3 Qa6 27. Qd2 Qc4 28. h5 Qd4
29. Rd3 Qf6 30. Rg3 Nb5 31. Nxb5 Rxb5 32. Qf4 Rxb2 33. Rxb2 Qxb2 34. hxg6 hxg6
35. Qxf5 Qc1+ 36. Kh2 Rh8+ 37. Rh3 gxf5 0-1

[Event "ch-FRA Blitz Online Qual"]
[Site "Europe-Chess INT"]
[Date "2020.05.16"]
[Round "3"]
[White "Rasolo, Loick"]
[Black "Ternault, Mathieu"]
[Result "0-1"]
[BlackTitle "FM"]
[WhiteElo "1951"]
[BlackElo "2363"]
[WhiteFideId "36004049"]
[BlackFideId "20641532"]
[EventDate "2020.05.16"]

1. e4 Nc6 2. Nf3 d6 3. d4 Nf6 4. Nc3 g6 5. h3 Bg7 6. Be3 O-O 7. a3 a6 8. Be2 e5
9. dxe5 Nxe5 10. Nxe5 dxe5 11. Qxd8 Rxd8 12. O-O Be6 13. Rfd1 Kf8 14. Kf1 Ke8
15. Ke1 Nd7 16. Rd2 Bf8 17. Rad1 f6 18. Nd5 Rac8 19. Bc4 Kf7 20. Be2 Bc5 21.
Bxc5 Nxc5 22. Nc3 Ke7 23. Rxd8 Rxd8 24. Rxd8 Kxd8 25. b4 Nd7 26. Kd2 c6 27. Na4
Ke7 28. c4 b5 29. cxb5 axb5 30. Nb2 Nb6 31. Kc3 Kd6 32. Bd1 f5 33. exf5 gxf5 34.
a4 bxa4 35. Nxa4 Nd5+ 36. Kd2 Nxb4 37. Nc3 Bc4 38. g4 fxg4 39. hxg4 Bd5 40. Ke3
h6 41. f4 exf4+ 42. Kxf4 Nd3+ 43. Kf5 Ne5 44. g5 Be6+ 45. Kf6 Nd7+ 46. Kg6 hxg5
47. Kxg5 Ke5 48. Bf3 c5 49. Bc6 Nb6 0-1